Le Rwanda pour les touristes... - Facile - Statistiques

Statistiques générales
  • Ce quiz a été pris 30 fois
  • Le résultat moyen est 12 sur 20
Statistiques - réponses
Question Indice Réponses Indice facile % Correct
Quelles sont les langues officielles ? Français F
100%
Quelles sont les langues officielles ? Anglais A
93%
Quelles sont les principaux lieux touristiques ? K Lac {Kivu} VUKI
85%
Ce pays est plus grand que la France (oui/non) Non
78%
Quelles sont les langues officielles ? Swahili S
74%
Achats à faire 1/ Boisson chaude en feuilles Thé HET
74%
Quel pays a accordé son indépendance à celui-ci ? Belgique
70%
Achats à faire 2/ Boisson chaude Café FACE
67%
Le principal aéroport est K Kigali
67%
Quelles sont les langues officielles ? Kinyarwanda K
67%
Quel est le régime du pays ? République R
67%
Quelle est la monnaie ? Franc rwandais F
63%
Quels est le climat local ? T Tropical
63%
La religion majoritaire est Christianisme C
59%
Le suffixe internet est rw
52%
Dans la capitale quel est le décalage horaire avec Paris ? (+ ou - et chiffre) ex - 10 0
48%
Achats à faire 3/ Travail au fil Broderie RRIEBDOE
41%
Code sur les plaques minéralogiques RWA
11%
S Parc national de {Volcanoes} ESNVOCLAO
7%
Quelles sont les principaux lieux touristiques ? I Village culturel d'{Iby'iwacu} BYIUWAIC
7%
Aucun quiz correspondant
Distribution des résultats
% des personnes avec chaque résultat
Percentile par nombre de réponses
Votre historique - résultats
Vous n’avez pas pris ce quiz